Datum a čas kvízu
33.5
Celkem bodů
Celkový počet nahraných bodů na tomto kvízu bez doplňovacích otázek.
2.
Pořadí na kvízu
Konečné umístění týmu na tomto kvízu.
Zaznamenané odpovědi
| # | Otázka | Odpověď | Body | Výsledky |
|---|---|---|---|---|
| 1. | Jeden z řidičů Dopravního podn... | Reklama (hnutí SPD) vylepená na voze. | 1 | |
| 2. | Jistá evropská země se poprvé... | Norsko | 0 | |
| 3. | Poté, co očekávaný hollywoodsk... | Mulan | 1 | |
| 4. | Společnost Samsung ve středu p... | Z Fold | 1 | |
| 5. | Tenistka Karolína Muchová pora... | Venus Williamsová | 0 | |
| 6. | „Arktida přinutí člověka, aby... | Robert Peary | 0 | |
| 7. | Jedním z nejvýznamnějších obje... | James Clark Ross | 0 | |
| 8. | „Svět kolem mne byl tak laskav... | Annapurna | 1 | |
| 9. | Roku 1938 byla poprvé pokořena... | Heinrich Harrer, Sedm let v Tibetu | 0.5 | |
| 10. | Podmořští výzkumníci Jacques P... | batyskaf | 1 |